Essays in transportation economics and policy: a handbook in honor of John R. Meyer

Saved in:
Bibliografiske detaljer
Main Authors: Gómez-Ibáñez, José A (Author), Tye, William B (Author), Winston, Clifford (Author)
Format: Bog
Sprog:engelsk
Udgivet: Washington, D.C Brookings Institution 1999
Fag:
Tags: Tilføj Tag
Ingen Tags, Vær først til at tagge denne postø!

MARC

LEADER 00000nam a2200000 a 4500
001 UCN9254
003 CL-VaPUC
008 011130e19990000US |||||||||||||||||eng|d
082 0 4 |a 388  |b GOM  |2 21 
100 |a Gómez-Ibáñez, José A  |e author  |9 465803 
700 0 |a Tye, William B  |e author  |9 465804 
700 0 |a Winston, Clifford  |e author  |9 465805 
245 1 0 |a Essays in transportation economics and policy: a handbook in honor of John R. Meyer 
300 |a 577 p 
942 |c BK 
945 |d 20011130 00:00:00  |a cmena 
260 |a Washington, D.C  |b Brookings Institution  |c 1999 
650 7 |a TRANSPORTE  |2 CL-VaPUC  |9 256365 
650 0 |a Medios de transporte  |9 260938 
650 0 |a Política gubernamental  |9 262286 
650 0 |a Transporte urbano  |9 260307 
583 |a last modification  |c 20160913 10:59:10  |k Rodrigo Vera 
999 |c 298766  |d 298764 
952 |0 0  |1 0  |4 0  |6 388_000000000000000_GOM_1999  |7 0  |8 A  |9 354687  |a BIBING  |b BIBING  |d 2019-11-21  |i 3781100  |o 388 GOM 1999  |p 3781100  |r 2025-01-20  |w 2019-11-21  |y BK  |k TRA